Migraciones, nuevas realidades en la provincia de Albacete / (Record no. 177440)

MARC details
000 -LEADER
campo de control de longitud fija 01113nam a2200289 4500
001 - NÚMERO DE CONTROL
campo de control 177440
003 - IDENTIFICADOR DE NÚMERO DE CONTROL
campo de control ES-MaACL
005 - FECHA Y HORA DE LA ÚLTIMA TRANSACCIÓN
campo de control 20230906220329.0
008 - DATOS DE LONGITUD FIJA--INFORMACIÓN GENERAL
campo de control de longitud fija 110323s2009 sp ado |||| | spa d
017 ## - NÚMERO DE COPYRIGHT O DE DEPÓSITO LEGAL
Número de copyright o de depósito legal AB-188/2009
020 ## - NÚMERO INTERNACIONAL ESTÁNDAR DEL LIBRO
Número Internacional Estándar del Libro 9788496800298
080 ## - NÚMERO DE LA CLASIFICACIÓN DECIMAL UNIVERSAL
Número de la Clasificación Decimal Universal 314.742(460.288)
245 00 - MENCIÓN DEL TÍTULO
Título Migraciones, nuevas realidades en la provincia de Albacete /
Mención de responsabilidad, etc. coordinadoras, Mª Fuensanta Casado Moragón y Carmen García Martínez.
260 ## - PUBLICACIÓN, DISTRIBUCIÓN, ETC.
Lugar de publicación, distribución, etc. Albacete :
Nombre del editor, distribuidor, etc. Instituto de Estudios Albacetenses "Don Juan Manuel",
Fecha de publicación, distribución, etc. 2009.
300 ## - DESCRIPCIÓN FÍSICA
Extensión 264 p. :
Otras características físicas il. col. y n., gráf., fot. ;
Dimensiones 24 cm.
490 1# - MENCIÓN DE SERIE
Mención de serie Serie I-Estudios ;
Designación de volumen o secuencia 188
504 ## - NOTA DE BIBLIOGRAFÍA, ETC.
Nota de bibliografía, etc. Referencias bibliográficas.
651 #4 - PUNTO DE ACCESO ADICIONAL DE MATERIA--NOMBRE GEOGRÁFICO
Nombre geográfico Albacete (Provincia)-
Subdivisión general Inmigración.
9 (RLIN) 145826
700 1# - ENTRADA AGREGADA--NOMBRE PERSONAL
Nombre de persona Casado Moragón, Fuensanta.
9 (RLIN) 145827
700 1# - ENTRADA AGREGADA--NOMBRE PERSONAL
Nombre de persona García Martínez, Carmen.
9 (RLIN) 145828
710 2# - ENTRADA AGREGADA--NOMBRE DE ENTIDAD CORPORATIVA
Nombre de entidad corporativa o nombre de jurisdicción como elemento de entrada Instituto de Estudios Albacetenses.
9 (RLIN) 4884
830 0# - PUNTO DE ACCESO ADICIONAL DE SERIE-TÍTULO UNIFORME
Título uniforme Serie I-Estudios ;
Designación de volumen o secuencia 188
9 (RLIN) 179228
852 ## - LOCALIZACIÓN
Ubicación ES-MaACL
itemnumber R.145419
Número de control de estantería A-11072
Signatura antigua Olim:N-4077
Ubicación en estantería Depósito 1
942 ## - ELEMENTOS DE ENTRADA SECUNDARIOS (KOHA)
Fuente del sistema de clasificación o colocación Clasificación decimal universal
Tipo de ítem Koha Libro impreso
Holdings
Estatus retirado Estado de pérdida Fuente del sistema de clasificación o colocación Estado de daño No para préstamo Biblioteca de origen Biblioteca actual Ubicación en estantería Fecha de adquisición Fuente de adquisición Total de préstamos Signatura topográfica completa Código de barras Visto por última vez Precio de reemplazo Tipo de ítem Koha
    Clasificación decimal universal     Biblioteca del Ateneo de Madrid Biblioteca del Ateneo de Madrid Depósito 1 23/03/2011 Donación   A-11072 1186364 23/02/2023 23/02/2023 Libro impreso